Science - Physics | 4 | 3 | 3 | 1 | 75 | 52 | 77.29 | 7 | 7 |
Science - Biology | 0 | 6 | 0 | 4 | 60 | 63 | 121.67 | 4 | 6 |
Science - Chemistry | 3 | 3 | 3 | 1 | 60 | 34 | 66.83 | 5 | 6 |
| 3 | 0 | 1 | 0 | 40 | 24 | 30.33 | 3 | 3 |
Literature - British Literature | 2 | 1 | 0 | 1 | 40 | 44 | 84.33 | 2 | 3 |
Fine Arts - Auditory Fine Arts | 2 | 1 | 1 | 0 | 35 | 41 | 77.00 | 3 | 3 |
Other Science: Math | 1 | 1 | 0 | 0 | 25 | 59 | 72.00 | 2 | 2 |
Chemistry> | 0 | 2 | 0 | 0 | 20 | 71 | 80.50 | 2 | 2 |
Literature - American Literature | 0 | 2 | 0 | 1 | 20 | 90 | 124.00 | 1 | 2 |
Other Arts: Auditory | 1 | 0 | 0 | 0 | 15 | 13 | 13.00 | 1 | 1 |
Other Science: Astronomy | 0 | 1 | 0 | 0 | 10 | 113 | 113.00 | 0 | 1 |
Other Science: Earth Science | 0 | 1 | 0 | 0 | 10 | 97 | 97.00 | 1 | 1 |
Current Events | 0 | 1 | 0 | 0 | 10 | 136 | 136.00 | 0 | 1 |
Other Academic | 0 | 1 | 0 | 0 | 10 | 65 | 65.00 | 1 | 1 |
Literature - European Literature | 1 | 0 | 1 | 0 | 10 | 70 | 70.00 | 1 | 1 |
Social Science | 0 | 1 | 0 | 0 | 10 | 89 | 89.00 | 0 | 1 |
Religion | 0 | 0 | 0 | 0 | 0 | | 0.00 | 0 | 0 |
History - American History | 0 | 0 | 0 | 0 | 0 | | 0.00 | 0 | 0 |
Other Arts: Visual | 0 | 0 | 0 | 0 | 0 | | 0.00 | 0 | 0 |